Journal of researches into the natural history & geology of the countries visited during the voyage round the world of H. M. S. Beagle under the command of captain Fitz Roy, R. N. by Charles Darwin, M. A., F. R. S., author of Origin of species, etc, viñeta representando a la Beagle. A new edition with illustrations by R. T. Pritchett of places visited and objects described

Saved in:
Bibliografiske detaljer
Hovedforfatter: Darwin Charles (Author)
Format: Bog
Sprog:engelsk
Udgivet: Londres John Murray, Albemarle street 1890
Udgivelse:2a. ed
Fag:
Tags: Tilføj Tag
Ingen Tags, Vær først til at tagge denne postø!

MARC

LEADER 00000nam a2200000 a 4500
001 UCJ4913
003 CL-VaPUC
008 070124e18900000UK |||||||||||||||||eng|d
082 0 4 |a 910.4  |b DAR  |2 21 
100 |a Darwin Charles  |e author  |9 398 
245 1 0 |a Journal of researches into the natural history & geology of the countries visited during the voyage round the world of H. M. S. Beagle under the command of captain Fitz Roy, R. N. by Charles Darwin, M. A., F. R. S., author of Origin of species, etc, viñeta representando a la Beagle. A new edition with illustrations by R. T. Pritchett of places visited and objects described 
250 |a 2a. ed 
300 |a xvi, 551 p 
942 |c BK 
945 |d 20070124 00:00:00  |a rinostro 
260 |a Londres  |b John Murray, Albemarle street  |c 1890 
500 |a El título original completo es: Journal of researches into the geology and natural history of the various countries visited by H. M. S. Beagle under the Command of Capt. Fitzroy, R. N., from 1832 to 1836; front., grabado mostrando a la Beagle en el Estrecho de Magallanes; portada, viñeta con la Beagle vista desde popa; mapa de Sudamérica y mapamundi señalando el track del viaje; ilustraciones, confeccionadas por R. T. Pritchett a partir de croquis del mismo Darwin, completas y de acuerdo con lo señalado en el índice; los capítulos X al XVI inclusives, están dedicados a su paso por Chile 
650 0 |a Viajes  |9 257115 
650 0 |a Expediciones científicas  |9 265222 
650 0 |a Flora y fauna  |9 338564 
650 0 |a Recursos naturales  |9 255232 
650 0 |a Población  |9 257577 
650 7 |a FENOMENOS NATURALES  |2 CL-VaPUC  |9 343098 
651 0 |a Argentina  |9 254888 
651 0 |a Brasil  |9 267393 
651 0 |a Ecuador  |9 258378 
651 7 |a ISLAS GALAPAGOS  |2 CL-VaPUC  |9 443790 
651 7 |a CHILE  |2 CL-VaPUC  |9 509429 
651 0 |a Santiago  |9 265444 
651 0 |a Chiloé  |9 265209 
651 0 |a Patagonia  |9 269580 
651 0 |a Tierra del Fuego   |9 345728 
651 0 |a Magallanes  |9 265180 
651 0 |a Coquimbo, Chile  |9 319271 
651 0 |a Uruguay  |9 255194 
651 7 |a POLINESIA  |2 CL-VaPUC  |9 509430 
651 7 |a TAHITI  |2 CL-VaPUC  |9 266824 
651 0 |a Valparaíso, Chile  |9 261144 
583 |a last modification  |c 20131003 03:45:18  |k Rodrigo Vera 
999 |c 321028  |d 321026 
952 |0 0  |1 0  |4 0  |6 910_400000000000000_DAR_1890  |7 0  |8 X  |9 399684  |a FDOBUD  |b FDOBUD  |d 2019-11-22  |i 1027654  |o 910.4 DAR 1890  |p 1027654  |r 2019-11-22  |w 2019-11-22  |y BK_X  |k BUD